| 000 | 01202nam a2200325 i 4500 | ||
|---|---|---|---|
| 001 | 000021154 | ||
| 003 | DO-SdBNP | ||
| 005 | 20250307112004.0 | ||
| 007 | ta | ||
| 008 | 100901s1990 dr ac 001 0 spa d | ||
| 040 |
_aDO-SdBNP _bspa _cBNPHU _erda |
||
| 082 |
_a303.482729307291 _bD473o _222 |
||
| 100 |
_aDespradel, Fidelio, _d1937- _eautor _4aut. _974070 |
||
| 245 | 1 | 0 |
_aOperación verdad : _bde héroes y traidores / _cFidelio Desparadel. |
| 264 | 1 |
_aSanto Domingo : _bEditora Alfa & Omega, _c1990. |
|
| 300 |
_a220 páginas _bilustraciones, retratos. ; _c22 cm |
||
| 336 |
_atexto _btxt _2rdacontent |
||
| 337 |
_asin mediación _bn _2rdamedia |
||
| 338 |
_avolumen _bnc _2rdacarrier |
||
| 590 | _aInventariado, 2018/BT | ||
| 600 | 1 | 0 |
_aMañón, Melvin _910427 |
| 600 | 1 | 4 |
_aCAAMAÑO DEÑO, FRANCISCO ALBERTO _914288 |
| 600 | 1 | 4 |
_aDESPRADEL , FIDELIO _9324 |
| 610 | 2 | 0 |
_a14 de Junio (Organización : República Dominicana) _914289 |
| 651 | 4 |
_aRepública Dominicana _xHistoria _yREVOLUCIÓN, 1973 _914290 |
|
| 651 | 4 |
_aRepública Dominicana _xRelaciones _zCuba _914291 |
|
| 651 | 4 |
_aCuba _xRelaciones _zRepública Dominicana _914292 |
|
| 910 | _aValidado. Control de calidad. MFF | ||
| 942 |
_2ddc _cLBS1 |
||
| 999 |
_c20656 _d20656 |
||